000 00535nam a2200193Ia 4500
005 20250508151937.0
008 008 250505s9999 xx 000 0 eng d
037 _aTextual
040 _aFEDL
_beng
_cFEDL
041 _aeng
_2eng
084 _a370.942, ARM
_qFEDL
100 _aArmfelt Roger
_9757394
245 0 _aStructure of english education
260 _aLondon, UK
_bCohen & West Ltd
_c1955
300 _a207p
650 _aEducation - England
942 _cTEXL
_h370.942, ARM
999 _c1333129
_d1333129